| Tag |
First Indicator |
Second Indicator |
Subfields |
| LEADER |
00000cam a2200000 a 4500 |
| 001 |
in00002745421 |
| 006 |
m d |
| 007 |
cr cn||||||||| |
| 008 |
110910s2012 gw a ob 001 0 eng d |
| 005 |
20250816213335.0 |
| 010 |
|
|
|z 2011035271
|
| 020 |
|
|
|z 9783110235111 (acid-free paper)
|
| 020 |
|
|
|z 9783110235128 (e-book)
|
| 035 |
|
|
|a (CaPaEBR)ebr10521684
|
| 035 |
|
|
|a (OCoLC)778431938
|
| 040 |
|
|
|a CaPaEBR
|c CaPaEBR
|d UtOrBLW
|
| 050 |
1 |
4 |
|a T210
|b .I53 2012eb
|
| 082 |
0 |
4 |
|a 608
|2 23
|
| 100 |
1 |
|
|a Adams, Stephen R.
|
| 245 |
1 |
0 |
|a Information sources in patents /
|c Stephen Adams.
|
| 250 |
|
|
|a 3rd completely rev. ed.
|
| 264 |
|
1 |
|a Berlin ;
|a Boston :
|b De Gruyter Saur,
|c [2012]
|
| 264 |
|
4 |
|c ©2012
|
| 300 |
|
|
|a xxiii, 333 pages :
|b illustrations
|
| 336 |
|
|
|a text
|b txt
|2 rdacontent
|
| 337 |
|
|
|a computer
|b c
|2 rdamedia
|
| 338 |
|
|
|a online resource
|b cr
|2 rdacarrier
|
| 490 |
1 |
|
|a Guides to information sources
|
| 504 |
|
|
|a Includes bibliographical references and index.
|
| 505 |
0 |
|
|a Principles of patenting -- The European patent system -- The United States patent system -- The Japanese patent system -- The Patent Co-operation Treaty -- National patent systems of the G7 countries -- The BRIC nations, Asia, and regional patent systems -- Patent guides and libraries -- National and international patent information sources -- The non-patent literature for the patent searcher -- Common search types (I) : alerting searches -- Common search types (II) : patentability and freedom-to-operate searches -- Common search types (III) : portfolio and legal proceedings searching -- Sources for legal status searching -- Commercial intelligence search and analysis -- Specialist techniques -- Future developments -- Annex A. USPTO classification (current at 2011.02) -- Annex B. Historical JPO classification -- Annex C. Classes of the IPC (edition dated 2011.01) -- Annex D. The theme groups of the Japanese f-term system -- Appendix 1. Glossary of patenting terms -- Appendix 2. Contact list for major database producers, hosts, and libraries -- Appendix 3. Index of abbreviations.
|
| 533 |
|
|
|a Electronic reproduction.
|b Palo Alto, Calif. :
|c ebrary,
|d 2012.
|n Available via World Wide Web.
|n Access may be limited to ebrary affiliated libraries.
|
| 500 |
|
|
|a Electronic resource.
|
| 650 |
|
0 |
|a Patents
|x Information services.
|
| 655 |
|
7 |
|a Electronic books.
|2 local
|
| 710 |
2 |
|
|a ebrary, Inc.
|
| 830 |
|
0 |
|a Guides to information sources (London, England)
|
| 856 |
4 |
0 |
|u https://ebookcentral.proquest.com/lib/tamucs/detail.action?docID=827295
|y Connect to the full text of this electronic book
|t 0
|
| 980 |
|
|
|a 120303
|b 180
|c USD
|e 270
|f YBP_EBR0000030606
|g 1
|
| 999 |
f |
f |
|s 5b32a67f-df9e-3105-b475-a337202e1c43
|i 22aef4c5-aeec-3ff5-99dd-c6ce5eab3a8f
|t 0
|
| 999 |
|
|
|a MARS
|
| 952 |
f |
f |
|a Texas A&M University
|b College Station
|c Electronic Resources
|d Available Online
|t 0
|e T210 .I53 2012eb
|h Library of Congress classification
|
| 998 |
f |
f |
|a T210 .I53 2012eb
|t 0
|l Available Online
|